000 00505nam a22001817a 4500
003 BD-ChCU
005 20260510100137.0
008 260510b bg ||||| |||| 00| 0 ben d
020 _a9781138611160
040 _cBD-ChCU
082 _a328.54 A 286p
100 _aAhmed ,Nizam
_922646
245 _aParliaments in South Asia India, Pakistan and Bangladesh /
_cNizam Ahmed
260 _a London
_bRoutledge
_c 2020
300 _a228p.
650 0 _a Political Science
_922648
942 _2ddc
_cBK
_n0
999 _c112808
_d112808